| 000 | 00900cab a2200265 4500 | ||
|---|---|---|---|
| 001 | ABS48982 | ||
| 008 | 090401t1993 xxu||||| |||| 00| 0 eng d | ||
| 035 | _a(Sirsi) u69331 | ||
| 041 | _aeng | ||
| 100 | _aRowley, J. | ||
| 245 | _aStandards: progress (?) and outlook | ||
| 260 | _c1993 | ||
| 350 | _a0 | ||
| 490 |
_aMapping Awareness _v7(6) July/August 1993, 13-15(3) |
||
| 520 | _aReports on the progress of British efforts towards creation of standards, and participation in agreeing European standards, for GIS practice. Looks to increasing international standardisation in future. | ||
| 650 | _aABOUT RICS-RELATED ORGANISATIONS-ASSOCIATION FOR GEOGRAPHIC INFORMATION | ||
| 650 | _aBS 7567 | ||
| 650 | _aCEN | ||
| 650 | _aEUROGI | ||
| 650 | _aGIS | ||
| 650 | _aSTANDARDS | ||
| 690 | _aMANAGEMENT-BUSINESS MANAGEMENT-INFORMATION MANAGEMENT | ||
| 942 | _n0 | ||
| 948 | _c04/03/1997 | ||
| 999 |
_c43545 _d43545 |
||